|
|
|
|
| LEADER |
01467nam a2200301 a 4500 |
| 001 |
4733849 |
| 008 |
101206r20101985nyua b 001 0 eng d |
| 999 |
|
|
|c 10163
|d 10163
|
| 010 |
|
|
|a 84026162
|
| 020 |
|
|
|a 9788120309494
|
| 020 |
|
|
|a 002418120X
|
| 020 |
|
|
|a 0029467403 (International ed.)
|
| 040 |
|
|
|a DNLM/DLC
|c DLC
|d DLC
|d BD-DhAAL
|
| 082 |
0 |
0 |
|a 575.1
|2 19
|
| 100 |
1 |
|
|a Strickberger, Monroe W.
|9 44423
|
| 245 |
1 |
0 |
|a Genetics /
|c Monroe W. Strickberger.
|
| 250 |
|
|
|a 3rd ed.
|
| 260 |
|
|
|a New York :
|b Macmillan ;
|a London :
|b Collier Macmillan ;
|a New Delhi :
|b PHI Pvt. Ltd.,
|c c1985 [reprinted 2010].
|
| 300 |
|
|
|a xxi, 842 p. :
|b ill. (some col.) ;
|c 26 cm.
|
| 504 |
|
|
|a Includes bibliographies and indexes.
|
| 541 |
1 |
|
|e 00021538
|
| 650 |
|
0 |
|a Genetics.
|9 44424
|
| 650 |
|
2 |
|a Pharmacy.
|9 44425
|
| 852 |
4 |
|
|a Ayesha Abed Library
|j General Shelf.
|
| 942 |
|
|
|2 ddc
|c BK
|
| 952 |
|
|
|0 0
|1 0
|2 ddc
|4 0
|6 575_100000000000000_STR
|7 0
|9 13501
|a BRACUL
|b BRACUL
|c GEN
|d 2010-12-07
|e Karim International
|g 750.00
|l 6
|m 36
|o 575.1 STR
|p 3010021538
|r 2023-02-18
|s 2022-11-16
|t 1
|w 2010-12-07
|y BK
|
| 952 |
|
|
|0 0
|1 0
|2 ddc
|4 0
|6 575_100000000000000_STR
|7 0
|9 13502
|a BRACUL
|b BRACUL
|c GEN
|d 2010-12-07
|e Karim International
|g 750.00
|l 5
|m 6
|o 575.1 STR
|p 3010021539
|r 2020-02-10
|s 2020-01-21
|t 2
|w 2010-12-07
|y BK
|
| 952 |
|
|
|0 0
|1 0
|2 ddc
|4 0
|6 575_100000000000000_STR
|7 0
|9 13503
|a BRACUL
|b BRACUL
|c GEN
|d 2010-12-07
|e Karim International
|g 750.00
|l 8
|m 27
|o 575.1 STR
|p 3010021540
|q 2026-06-02
|r 2026-04-25
|s 2026-04-25
|t 3
|w 2010-12-07
|y BK
|